LEADER 00991nam0-22003251i-450- 001 990007980370403321 005 20100909122329.0 010 $a0-387-40275-6 035 $a000798037 035 $aFED01000798037 035 $a(Aleph)000798037FED01 035 $a000798037 100 $a20050104d2004----km-y0itay50------ba 101 0 $aeng 102 $aUS 200 1 $aExplanatory item response models$ea generalized linear and nonlinear approach$fPaul De Boeck, Mark Wilson, editors 210 $aNew York$cSpringer Verlag$d2004 215 $aXII, 382 p.$cill.$d24 cm 225 1 $aStatistics for social science and public policy 610 0 $aScienze sociali$aStatistica 676 $a150.15195 702 1$aBoeck,$bPaul de 702 1$aWilson,$bMark$f<1954- > 801 0$aIT$bUNINA$gRICA$2UNIMARC 901 $aBK 912 $a990007980370403321 952 $aVI E 1149$b41332$fFSPBC 959 $aFSPBC 996 $aExplanatory item response models$9751201 997 $aUNINA LEADER 01455nam0-2200361---450- 001 990008168430403321 005 20051024150902.0 010 $a88-7951-076-2 035 $a000816843 035 $aFED01000816843 035 $a(Aleph)000816843FED01 035 $a000816843 100 $a20050721d1995----km-y0itay50------ba 101 0 $aita 102 $aIT 105 $ay---n----00yy 200 1 $aCodice regionale delle funzioni di interesse locale$eanno 1995$eraccolta sistematica delle leggi, dei decreti e dei regolamenti emanati dalla regione Toscana dal 1972, in testi aggiornati e coordinati con le modificazioni successive fino al 1994$fa cura di Giuseppe Colbertaldo 205 $a7. ed 210 $aGorle$cC.E.L$d1995 215 $aXV, 671 p.$d33 cm 300 $aPrima del tit.: Note legislative regionali 300 $aSul front.: Strumento operativo indispensabile a corredo delle note di legislazione e giurisprudenza, istruzioni e risoluzioni ministeriali o ufficiali sul bilancio dei comuni per quanto attiene alla normativa regionale in materia 676 $a348.345$v12 rid.$zita 702 1$aColbertaldo,$bGiuseppe 710 02$aToscana$c$0262230 801 0$aIT$bUNINA$gRICA$2UNIMARC 901 $aBK 912 $a990008168430403321 952 $aVI Z 450$bs.i.$fDDA 952 $aVI Z 497$bs.i.$fDDA 959 $aDDA 996 $aCodice regionale delle funzioni di interesse locale$9736528 997 $aUNINA LEADER 05761nam 2200745 a 450 001 9910781521503321 005 20230504184715.0 010 $a1-283-35926-X 010 $a9786613359261 010 $a90-272-7986-1 035 $a(CKB)2550000000074793 035 $a(EBL)811294 035 $a(SSID)ssj0000554752 035 $a(PQKBManifestationID)11344550 035 $a(PQKBTitleCode)TC0000554752 035 $a(PQKBWorkID)10517006 035 $a(PQKB)10396745 035 $a(MiAaPQ)EBC811294 035 $a(Au-PeEL)EBL811294 035 $a(CaPaEBR)ebr10518061 035 $a(OCoLC)894789944 035 $a(EXLCZ)992550000000074793 100 $a19850312d1985 uy 0 101 0 $aeng 135 $aurcn||||||||| 181 $ctxt$2rdacontent 182 $cc$2rdamedia 183 $acr$2rdacarrier 200 00$aFocus on England and Wales /$feditor, Wolfgang Viereck 210 1$aAmsterdam ;$aPhiladelphia :$cJ. Benjamin Pub. Co.,$d1985. 215 $a1 online resource (304 pages) $cillustrations, maps 225 1 $aVarieties of English around the world. General series,$x0172-7362 ;$vv. 4 300 $aDescription based upon print version of record. 311 0 $a90-272-4862-1 320 $aIncludes bibliographical references and index. 327 $aFOCUS ON: ENGLAND AND WALES; Editorial page; Title page; Copyright page; Table of contents; Introduction; The voicing of initial fricatives in Middle English*; References; Sociolinguistic aspects of place-names: Ethnic affiliation and the pronunciation of Welsh in the Welsh capital; The study; Dimension A; Dimension B; Dimension C; Conclusions; References; The sound system of a West Midland dialect: Kniveton, Derbyshire; Appendix A; References; Spatial aspectsof linguistic change in Surrey, Kent and Sussex; References 327 $aResearch on non-standard dialects of British English: Progress and prospects (1)1.0 Introduction; 2.0 Sources of information on non-standard grammar; 2.1 The main grammatical studies; 2.2 Other sources of grammatical data; 2.2.1 Phonological and lexical studies; 2.2.2 'Data-banks'; 2.2.3 Dialect literature; 2.2.4 Non-specialist accounts; 3.0 A survey of British geographical regions; 3.1 Scotland; 3.2 Northern England; 3.3 The Midlands and East Anglia; 3.4 The South; 3.5 Wales; 3.6 Ireland; 3.7 General works; 4.0 Features of dialect grammar: an overview; 4.1 Negation; 4.1.1 Multiple negation 327 $a4.1.2 Auxiliaries 4.1.3 AIN'T and some other forms of TO BE; 4.1.4 NEVER as past tense negative; 4.1.5 Negative scope; 4.1.6 Negative attraction; 4.2 Present tense verb forms; 4.2.1 Endings of the present tense; 4.2.2 TO BE; 4.2.3 TO DO/TO HAVE; 4.2.4 Present participle; 4.3 Past tense verb forms; 4.3.1 Irregular forms; 4.3.2 TO BE; 4.4 Modal auxiliaries; 4.5 Other verbal forms and constructions; 4.5.1 Imperative; 4.5.2 Infinitive; 4.5.3 Perfective aspect; 4.5.4 Habitual aspect; 4.5.5 Passive voice; 4.5.6 Other points; 4.6 Adverbs; 4.6.1 Without -ly; 4.6.2 Intensification; 4.6.3 Other points 327 $a4.7 Prepositions 4.8 Plural of nouns; 4.8.1 Unmarked plurality; 4.8.2 Irregular plurals; 4.9 Pronouns; 4.10 Demonstratives; 4.11 Comparison; 4.11.1 Distribution of the formation mechanisms; 4.11.2 Double comparison; 4.11.3 Other aspects of comparison; 4.12 Other aspects of grammar; 4.12.1 Articles; 4.12.2 Adjectives; 4.12.3 Conjunctions; 4.12.4 Genitive; 4.12.5 Emphasis; 4.12.6 Typical tags; 4.12.7 Style; 4.12.8 Final points; 5.0 Conclusions; 5.1 Theoretical implications of dialect research; 5.2 Educational implications of dialect research; 5.3 General conclusions; References 327 $aAin't I, or the hole in the pattern References; He took the bottle and put 'n in his pocket: The object pronoun it in present-day Somerset; References; Tyneside syntax: A presentation of some data from the Tyneside Linguistic Survey; Introduction; The Sample; Conclusion; References; Use and non-use of prepositions in spatial expressions in the dialect of Cambridgeshire; Introduction; Expressions of motion or direction to or towards a goal; Expressions of motion or direction away from a point or place; Expressions of motion or direction away from a point or place; Expressions of location or position 330 $aThis volume is a wide-ranging study in dialectology. General surveys appear along with in-depth studies of particular problems. Some papers describe the present situation in terms of dynamic synchrony, others deal with the past and making use of present-day dialectal data to help solve certain problems and, finally, those that draw on the past to explain the present. Traditional dialectological methodology is presented here, as is modern quantificational and computative dialectology. 410 0$aVarieties of English around the world.$pGeneral series ;$v4. 606 $aEnglish language$xDialects$zEngland 606 $aEnglish language$xSocial aspects$zEngland 606 $aEnglish language$xDialects$zWales 606 $aEnglish language$xSocial aspects$zWales 606 $aEnglish language$xVariation$zEngland 606 $aEnglish language$xVariation$zWales 607 $aEngland$xLanguages 607 $aWales$xLanguages 615 0$aEnglish language$xDialects 615 0$aEnglish language$xSocial aspects 615 0$aEnglish language$xDialects 615 0$aEnglish language$xSocial aspects 615 0$aEnglish language$xVariation 615 0$aEnglish language$xVariation 676 $a427 701 $aViereck$b Wolfgang$0156908 801 0$bMiAaPQ 801 1$bMiAaPQ 801 2$bMiAaPQ 906 $aBOOK 912 $a9910781521503321 996 $aFocus on England and Wales$93825353 997 $aUNINA LEADER 04319nam 2201081Ia 450 001 9910783195303321 005 20230808234313.0 010 $a1-59734-818-X 010 $a9786612762765 010 $a1-282-76276-1 010 $a0-520-93664-7 024 7 $a10.1525/9780520936645 035 $a(CKB)1000000000006222 035 $a(EBL)223588 035 $a(OCoLC)475928506 035 $a(SSID)ssj0000084683 035 $a(PQKBManifestationID)11123704 035 $a(PQKBTitleCode)TC0000084683 035 $a(PQKBWorkID)10170330 035 $a(PQKB)10202636 035 $a(MiAaPQ)EBC223588 035 $a(DE-B1597)519632 035 $a(OCoLC)1099625120 035 $a(DE-B1597)9780520936645 035 $a(Au-PeEL)EBL223588 035 $a(CaPaEBR)ebr10062327 035 $a(CaONFJC)MIL276276 035 $a(dli)HEB02668 035 $a(MiU)MIU01000000000000005053743 035 $a(EXLCZ)991000000000006222 100 $a20020806d2003 ub 0 101 0 $aeng 135 $aurun#---|u||u 181 $ctxt 182 $cc 183 $acr 200 10$aPolitics of the womb$b[electronic resource] $ewomen, reproduction, and the state in Kenya /$fLynn M. Thomas 210 $aBerkeley $cUniversity of California Press$dc2003 215 $a1 online resource (318 p.) 300 $aDescription based upon print version of record. 311 0 $a0-520-22450-7 311 0 $a0-520-23540-1 320 $aIncludes bibliographical references (p. 235-287) and index. 327 $tFront matter --$tContents --$tAcknowledgments --$tList Of Abbreviations --$tIntroduction --$t1. Imperial Populations And "Women's Affairs" --$t2. Colonial Uplift And Girl-Midwives --$t3. Mau Mau And The Girls Who "Circumcised Themselves" --$t4. Late Colonial Customs And Wayward Schoolgirls --$t5. Postcolonial Nationalism And "Modern" Single Mothers --$tConclusion --$tNotes --$tBibliography --$tIndex 330 $aIn more than a metaphorical sense, the womb has proven to be an important site of political struggle in and about Africa. By examining the political significance-and complex ramifications-of reproductive controversies in twentieth-century Kenya, this book explores why and how control of female initiation, abortion, childbirth, and premarital pregnancy have been crucial to the exercise of colonial and postcolonial power. This innovative book enriches the study of gender, reproduction, sexuality, and African history by revealing how reproductive controversies challenged long-standing social hierarchies and contributed to the construction of new ones that continue to influence the fraught politics of abortion, birth control, female genital cutting, and HIV/AIDS in Africa. 410 0$aACLS Fellows? publications. 606 $aWomen$zKenya$xHistory 606 $aFemale genital mutilation$zKenya$xHistory 606 $aWomen$zKenya$xSocial conditions 606 $aSex role$zKenya 607 $aKenya$xSocial conditions 610 $a20th century. 610 $aabortion. 610 $aafrica. 610 $aafrican history. 610 $aanthropology sociology. 610 $aanthropology. 610 $abirth control. 610 $achildbirth. 610 $acolonialism. 610 $afemale initiation. 610 $agender studies. 610 $agenital mutilation. 610 $ahiv aids. 610 $akenya. 610 $akenyan politics. 610 $anonfiction. 610 $apolitical perspective. 610 $apolitical power. 610 $apolitical struggles. 610 $apostcolonial power. 610 $apremarital pregnancy. 610 $areproduction. 610 $areproductive controversies. 610 $areproductive rights. 610 $areproductive studies. 610 $asexuality. 610 $asocial hierarchies. 610 $awomen. 610 $awomens rights. 615 0$aWomen$xHistory. 615 0$aFemale genital mutilation$xHistory. 615 0$aWomen$xSocial conditions. 615 0$aSex role 676 $a305.4/096762 700 $aThomas$b Lynn M$01008239 801 0$bMiAaPQ 801 1$bMiAaPQ 801 2$bMiAaPQ 906 $aBOOK 912 $a9910783195303321 996 $aPolitics of the womb$92325117 997 $aUNINA